Cuevas de Lascaux.

Guardado en:
Formato: Deslizar
Materias:
Etiquetas: Agregar Etiqueta
Sin Etiquetas, Sea el primero en etiquetar este registro!
LEADER 00827ngm a22002655g 4500
001 CEM.cems022402
008 130507b1998##################0###0#####d
005 20241031181958.0
245 0 0 |a Cuevas de Lascaux. 
300 |a 12'. 
500 |a En soporte VHS, consultar en ventanilla. 
505 0 |a Pinturas rupestres. Cuevas de Lascaux. Hombre prehistórico. 
538 |a Soporte: VHS - Norma: Pal N - Color: Si - Grabación DRD 1998 - Hitachi=5473 
082 5 7 |/ TVQ 
653 |a PREHISTORIA 
653 |a FRANCIA 
653 |a PINTURAS 
653 |a LASCAUX 
653 |a ARTE RUPESTRE 
653 |a HOMBRE PREHISTORICO 
653 |a PINTURA RUPESTRE 
653 |a CUEVAS DE LASCAUX 
653 |a NIVEL PRIMARIO 
653 |a NIVEL SECUNDARIO 
859 |a CEMS  |b BIB. CEMS - Depto. Recursos Didacticos  |h 573  |i TVQ  |k DRD  |p 1045.12  |t Ej.1